[Event "Ch City (KO-system)"]
[Site "masterchessopen.com - Madrid (Spain)"]
[Date "2012.06.01"]
[Round "1"]
[White "Rodriguez De Castro Ayar (ESP)"]
[Black "Roa Alonso Santiago (ESP)"]
[Result "0-1"]
[WhiteElo "2173"]
[BlackElo "2423"]

1.d4 Nf6 2.c4 e6 3.g3 c5 4.d5 exd5 5.cxd5 d6 6.Nc3 g6 7.Bg2 Bg7 8.Nf3 O-O
9.O-O Re8 10.Bf4 a6 11.a4 Ne4 12.Nxe4 Rxe4 13.Nd2 Rb4 14.b3 Nd7 15.Bxd6 Qf6
16.Bc7 Qxa1 17.Qxa1 Bxa1 18.Rxa1 a5 19.e4 b6 20.f4 Bb7 21.Re1 Re8 22.Bh3 f5
23.Kf2 Rd4 24.Nc4 Nf6 25.Be5 Nxe4+ 26.Rxe4 Rxe4 27.Nd6 R8xe5 28.fxe5 Bxd5
29.Nxe4 fxe4 30.Bd7 Kf7 31.Ke3 Ke7 32.Bb5 Ke6 33.Kf4 g5+ 34.Kxg5 Kxe5 35.Kh6
e3 {#R} 0-1

[Event "It (open)"]
[Site "masterchessopen.com - Ortisei (Italy)"]
[Date "2012.06.09"]
[Round "8"]
[White "Giuriato Sergio (ITA)"]
[Black "Rubini Alessandro (ITA)"]
[Result "1-0"]
[WhiteElo "1994"]
[BlackElo "1919"]

1.d4 Nf6 2.c4 c5 3.d5 e6 4.Nc3 exd5 5.cxd5 d6 6.Nf3 g6 7.g3 Bg7 8.Bg2 O-O
9.O-O Bg4 10.Nd2 a6 11.a4 Re8 12.f3 Bc8 13.Nc4 Nh5 14.g4 Nf6 15.Bf4 Bf8 16.e4
h6 17.Qd2 h5 18.h3 b6 19.Qf2 Ra7 20.Qg3 Rd7 21.g5 Nh7 22.h4 Bb7 23.Bh3 a5
24.Bxd7 Nxd7 25.Nxd6 Bxd6 26.Bxd6 Nhf8 27.Rfe1 Qa8 28.Rad1 Ba6 29.Qf4 Qb7
30.e5 {#r} 1-0

[Event "It (open)"]
[Site "masterchessopen.com - Arucas (Spain)"]
[Date "2012.06.18"]
[Round "1"]
[White "Manchon Santana Alberto"]
[Black "Saad Addin Quintana Samir N"]
[Result "0-1"]
[WhiteElo "1500"]
[BlackElo "1858"]

1.d4 Nf6 2.c4 c5 3.d5 e6 4.Nc3 exd5 5.cxd5 d6 6.Nf3 g6 7.g3 Bg7 8.Bg2 O-O
9.O-O a6 10.a4 Re8 11.Re1 Nbd7 12.Qc2 Qc7 13.Nd2 Rb8 14.a5 b5 15.axb6 Nxb6
16.Nb3 Bb7 17.Rd1 Ng4 18.Na5 Ne5 19.Na4 Bxd5 20.Bxd5 Nxd5 21.Rxd5 Qxa5 22.Rxd6
Qe1+ 23.Kg2 Ng4 24.e3 Rxe3 25.fxe3 Nxe3+ 26.Bxe3 Qxa1 27.Nxc5 Rxb2 28.Kh3 Rxc2
29.Rd8+ Bf8 30.Bh6 Qf1+ 31.Kh4 Rxh2+ {#R} 0-1

[Event "It (open) \"]
[Site "masterchessopen.com - Naujac sur Mer (France)"]
[Date "2012.06.29"]
[Round "7"]
[White "Dierkes Tobias (GER)"]
[Black "Loiseau Quentin (FRA)"]
[Result "0-1"]
[WhiteElo "2107"]
[BlackElo "2300"]

1.d4 Nf6 2.c4 c5 3.d5 e6 4.Nc3 exd5 5.cxd5 d6 6.Nf3 g6 7.g3 Bg7 8.Bg2 O-O
9.O-O a6 10.a4 Nbd7 11.Bf4 Qe7 12.Re1 Ng4 13.a5 h6 14.Na4 Nge5 15.Nxe5 Nxe5
16.Nb6 Rb8 17.Bd2 g5 18.Bc3 Bg4 19.f3 Bd7 20.Qd2 Bb5 21.Rac1 f5 22.b4 cxb4
23.Bxb4 f4 24.Rc2 Rbe8 25.Rec1 g4 26.gxf4 gxf3 27.fxe5 fxg2 28.Rc7 Qh4
29.Rxg7+ Kxg7 30.Rc7+ Kg8 31.e4 Rf1+ {#R} 0-1

[Event "Ch Paris (open) (a)"]
[Site "masterchessopen.com - Paris (France)"]
[Date "2012.07.13"]
[Round "7"]
[White "Leclercq Benoit (FRA)"]
[Black "Derieux Christian (FRA)"]
[Result "0-1"]
[WhiteElo "2123"]
[BlackElo "2027"]

1.d4 Nf6 2.c4 c5 3.d5 e6 4.Nc3 exd5 5.cxd5 d6 6.g3 g6 7.Nf3 Bg7 8.Bg2 O-O
9.O-O b6 10.Re1 Ba6 11.e4 b5 12.e5 dxe5 13.Nxe5 b4 14.Na4 Nfd7 15.Nc6 Nxc6
16.dxc6 Ne5 17.Be3 c4 18.Qc2 Bb5 19.Rad1 Qf6 20.Nc5 Bxc6 21.Bxc6 Qxc6 22.Kf1
Nf3 23.Qxc4 Nxh2+ 24.Ke2 Rfd8 25.Rd3 Qf3+ 26.Kd2 Qf6 27.Rh1 Nf3+ 28.Ke2 Ne5
29.Qxb4 Nxd3 30.Nxd3 Rxd3 31.Qc5 Rd7 32.a3 Qf5 33.Qxf5 gxf5 34.b4 Rc8 35.b5 h6
36.a4 Kh7 37.a5 Rc2+ 38.Kf3 Rb2 {#R} 0-1

[Event "Ch Czech Republic (open) (active)"]
[Site "masterchessopen.com - Pardubice (Czech Republic)"]
[Date "2012.07.19"]
[Round "5"]
[White "Kislik Erik Andrew (USA)"]
[Black "Simantsev Mikhail (UKR)"]
[Result "0-1"]
[WhiteElo "2408"]
[BlackElo "2531"]

1.d4 Nf6 2.c4 e6 3.g3 c5 4.d5 exd5 5.cxd5 d6 6.Nc3 g6 7.Bg2 Bg7 8.Nf3 O-O
9.O-O Re8 10.Bf4 a6 11.a4 Nbd7 12.Bxd6 Qb6 13.Bf4 Qxb2 14.Bd2 c4 15.a5 Ne4
16.Nxe4 Rxe4 17.Rb1 Qa2 18.Qc1 Nc5 19.Be3 Nb3 20.Qd1 Rxe3 21.fxe3 Bf5 22.Nd4
Bxb1 23.Qxb1 Qxb1 24.Rxb1 Bxd4 25.exd4 Rc8 26.d6 Rd8 27.Bd5 Rxd6 28.Bxc4 Nxa5
29.Ba2 Rxd4 30.Rf1 Rd7 31.Rf6 Kg7 32.Rb6 Rd2 33.Bb1 Rxe2 34.Bd3 Re6 35.Rb1 b5
36.Ra1 Nb3 {#R} 0-1

[Event "Ch Bulgaria (open) (w)"]
[Site "masterchessopen.com - Vratsa (Bulgaria)"]
[Date "2012.07.27"]
[Round "6"]
[White "Dragomirescu Angela (ROM)"]
[Black "Jordanova Svetla (BUL)"]
[Result "1-0"]
[WhiteElo "2242"]
[BlackElo "2207"]

1.d4 Nf6 2.c4 c5 3.d5 e6 4.Nc3 exd5 5.cxd5 d6 6.g3 g6 7.Bg2 Bg7 8.Nf3 O-O
9.O-O a6 10.a4 Re8 11.Bf4 Nh5 12.Bg5 f6 13.Bd2 b6 14.Rb1 f5 15.b4 Nd7 16.Qc2
Bf6 17.Qc1 Ra7 18.Ng5 Nf8 19.bxc5 bxc5 20.e4 h6 21.Nh3 fxe4 22.Bxh6 Rh7 23.Be3
Bxh3 24.Bxh3 Nxg3 25.fxg3 Rxh3 26.Qc2 Qe7 27.Rbe1 Nd7 28.Bf4 Bd4+ 29.Kh1 Nf6
30.Bg5 Qg7 31.Bxf6 Bxf6 32.Nxe4 Rf8 33.Nxd6 Qh6 34.Re6 Qh5 35.Rexf6 Rxf6
36.Rxf6 Rxg3 37.Ne4 Qxd5 38.hxg3 {#r} 1-0

[Event "It (open)"]
[Site "masterchessopen.com - Arad (Romania)"]
[Date "2012.07.28"]
[Round "2"]
[White "Panush Viktor (MDA)"]
[Black "Petrisor Adrian (ROM)"]
[Result "0-1"]
[WhiteElo "2008"]
[BlackElo "2397"]

1.d4 Nf6 2.c4 c5 3.d5 e6 4.Nc3 exd5 5.cxd5 d6 6.Nf3 g6 7.g3 Bg7 8.Bg2 O-O
9.O-O Re8 10.Nd2 b6 11.Nc4 Ba6 12.Qb3 Bxc4 13.Qxc4 a6 14.Qh4 b5 15.a3 Nbd7
16.Bg5 Qe7 17.Rae1 Qf8 18.e4 h6 19.Bc1 Ne5 20.f4 Nd3 21.Rd1 Nxc1 22.Rxc1 b4
23.axb4 cxb4 24.Na2 Nxe4 25.Nxb4 Bd4+ 26.Kh1 Nf2+ 27.Rxf2 Bxf2 28.Rf1 Re1
29.Nd3 Rxf1+ 30.Bxf1 Bb6 {#R} 0-1

[Event "It (open)"]
[Site "masterchessopen.com - Vlissingen (Netherlands)"]
[Date "2012.08.10"]
[Round "8"]
[White "Ganguly Surya Shekhar (IND)"]
[Black "Zelbel Patrick (GER)"]
[Result "1-0"]
[WhiteElo "2627"]
[BlackElo "2387"]

1.d4 Nf6 2.c4 e6 3.g3 c5 4.d5 exd5 5.cxd5 d6 6.Nc3 g6 7.Bg2 Bg7 8.Nf3 O-O
9.O-O a6 10.a4 Nbd7 11.Bf4 Qe7 12.h3 Ne8 13.e4 Rb8 14.Bg5 Bf6 15.Bxf6 Qxf6
16.Qe2 Nc7 17.Nd2 b5 18.f4 Qd4+ 19.Kh2 b4 20.Nb3 Qg7 21.Nd1 Re8 22.Ne3 f5
23.Nc4 Qf6 24.e5 dxe5 25.fxe5 Nxe5 26.d6 Nd7 27.Qd2 Ne6 28.Rae1 Bb7 29.Bxb7
Rxb7 30.Qd5 Rbb8 31.Rf2 Kf7 32.Ne5+ Nxe5 33.Rxe5 {#r} 1-0

[Event "It (open)"]
[Site "masterchessopen.com - Split (Croatia)"]
[Date "2012.08.14"]
[Round "4"]
[White "Dragomirescu Calin (ROM)"]
[Black "Bleuzen Cedric (FRA)"]
[Result "1-0"]
[WhiteElo "2196"]
[BlackElo "1986"]

1.d4 e6 2.c4 c5 3.d5 exd5 4.cxd5 d6 5.Nc3 Nf6 6.g3 g6 7.Bg2 Bg7 8.Nf3 O-O
9.O-O Re8 10.Bf4 Nh5 11.Bg5 f6 12.Bd2 f5 13.Ng5 Bf6 14.Ne6 Qe7 15.Rc1 Na6
16.Re1 Nc7 17.e4 Nxe6 18.exf5 Nd4 19.Rxe7 Rxe7 20.g4 {#r} 1-0

[Event "It (open)"]
[Site "masterchessopen.com - Vienna (Austria)"]
[Date "2012.08.19"]
[Round "7"]
[White "Jirovec Alfred (AUT)"]
[Black "Granabetter Josef (AUT)"]
[Result "0-1"]
[WhiteElo "2047"]
[BlackElo "1985"]

1.d4 Nf6 2.Nf3 c5 3.d5 e6 4.c4 exd5 5.cxd5 d6 6.Nc3 g6 7.g3 Bg7 8.Bg2 O-O
9.O-O a6 10.a4 Re8 11.Bg5 Nbd7 12.Qd2 Rb8 13.Rad1 b5 14.axb5 axb5 15.Ra1 b4
16.Na4 Bb7 17.Ne1 Qc7 18.Bxf6 Bxf6 19.e4 Ba6 20.Nd3 Bxd3 21.Qxd3 Ne5 22.Qc2 b3
23.Qe2 c4 24.Rfd1 Nd3 25.Rxd3 cxd3 26.Qxd3 Qa7 27.Qe2 Rb5 {#R} 0-1

[Event "It (open)"]
[Site "masterchessopen.com - Bratto (Italy)"]
[Date "2012.08.26"]
[Round "9"]
[White "Esposito Luca (ITA)"]
[Black "Colovic Aleksandar (MKD)"]
[Result "0-1"]
[WhiteElo "2256"]
[BlackElo "2435"]

1.d4 Nf6 2.c4 e6 3.g3 c5 4.d5 exd5 5.cxd5 d6 6.Nc3 g6 7.Bg2 Bg7 8.Nf3 O-O
9.O-O Re8 10.Nd2 b6 11.Nc4 Ba6 12.Qb3 Bxc4 13.Qxc4 a6 14.a4 b5 15.Qd3 b4
16.Nd1 a5 17.Ne3 Nbd7 18.Nc4 Nb6 19.Bg5 h6 20.Bxf6 Bxf6 21.Nxb6 Qxb6 22.Rab1
b3 23.Rfc1 Rab8 24.e3 Qa7 25.Bf1 Rb4 26.Qd1 Reb8 27.Rc4 Qd7 28.Qf3 Kg7 29.Qe4
Qxa4 {#R} 0-1

[Event "It (open)"]
[Site "masterchessopen.com - Tatranske Zruby (Slovakia)"]
[Date "2012.09.25"]
[Round "3"]
[White "Cech Pavel (CZE)"]
[Black "Bednar Jan (SVK)"]
[Result "1-0"]
[WhiteElo "2378"]
[BlackElo "2143"]

1.d4 Nf6 2.c4 e6 3.g3 c5 4.d5 exd5 5.cxd5 d6 6.Nc3 g6 7.Bg2 Bg7 8.Nf3 O-O
9.O-O Re8 10.Bf4 a6 11.a4 Nh5 12.Bg5 Qc7 13.Qd2 Nd7 14.e4 Rb8 15.Rac1 b5
16.axb5 axb5 17.b4 cxb4 18.Na2 Nc5 19.Nxb4 Rxe4 20.Nc6 Rb7 21.Nfd4 Re8 22.Rfe1
Bd7 23.Rxe8+ Bxe8 24.Re1 Qd7 25.Qe2 Kf8 26.Be7+ Kg8 27.Bg5 Kf8 28.Nxb5 Nf6
29.Bf4 Nfe4 30.Bxe4 Nxe4 31.Qxe4 Rxb5 32.Bxd6+ {#r} 1-0

[Event "It (cat.7)"]
[Site "masterchessopen.com - Heviz (Hungary)"]
[Date "2012.09.28"]
[Round "6"]
[White "Aswin Jayaram (IND)"]
[Black "Tate Alan (SCO)"]
[Result "1-0"]
[WhiteElo "2480"]
[BlackElo "2306"]

1.d4 Nf6 2.c4 e6 3.g3 c5 4.d5 exd5 5.cxd5 d6 6.Nc3 g6 7.Bg2 Bg7 8.Nf3 O-O
9.O-O Re8 10.Bf4 a6 11.a4 Nh5 12.Bg5 Qc7 13.Qd2 Nd7 14.Rfc1 Ne5 15.Nxe5 Bxe5
16.Bf3 Nf6 17.Rab1 Bf5 18.e4 Bxc3 19.bxc3 Nxe4 20.Bxe4 Rxe4 21.Bf6 Qc8 22.Rxb7
Qe8 23.Rcb1 Rc8 24.h4 Qf8 25.f3 Ree8 26.R1b2 h5 27.c4 Kh7 28.Kf2 Kg8 29.Qg5
Rb8 30.Bc3 Rxb7 31.Rxb7 Bd3 32.Qf6 {#r} 1-0